000 00445pab a2200145 454500
008 180718b2003 xxu||||| |||| 00| 0 eng d
100 _aDuchesne, Ricardo
245 _aMalthus and the demographic systems of Modern Europe and imperial China: a critique of Lee and Feng (a review essay)
260 _c2003
300 _ap.534-42.
362 _aFall
650 _aDemography
773 _aReview of Radical Political Economics
909 _a59281
999 _c59281
_d59281